书目信息 |
| 题名: |
管理数学
|
|
| 作者: | H.A.斯波那 著 | |
| 分册: | ||
| 出版信息: | 北京 中国人民大学出版社 1997 |
|
| 页数: | 266页 | |
| 开本: | 20cm | |
| 丛书名: | ||
| 单 册: | ||
| 中图分类: | S13:C931 | |
| 科图分类: | ||
| 主题词: | 农业化学 | |
| 电子资源: | ||
| ISBN: | 7-300-02480-7 | |
| 000 | 00514nam0 2200181 450 | |
| 001 | 0732828906 | |
| 005 | 20070903090708.90 | |
| 010 | @a7-300-02480-7@d¥32.00 | |
| 100 | @a20070903d km y0chiy0120 ea | |
| 101 | 0 | @achi |
| 200 | 1 | @a管理数学@Aguan li shu xue@fH.A.斯波那著@FH.A.si bo na zhu |
| 210 | @a北京@c中国人民大学出版社@d1997 | |
| 215 | @a266页@d20cm | |
| 606 | 0 | @a农业化学 |
| 690 | @aS13:C931@v3 | |
| 701 | 0 | @aH.A.斯波那@AH.A.si bo na@4著 |
| 801 | 0 | @aCN@bPFT@c20070903 |
| 905 | @a213230@dS13:C931@eS110@f1 | |
| 管理数学/H.A.斯波那著.-北京:中国人民大学出版社,1997 |
| 266页;20cm |
| ISBN 7-300-02480-7:¥32.00 |
| ● |
| 相关链接 |
|
|
|
|
正题名:管理数学
索取号:S13:C931/S110
 
预约/预借
| 序号 | 登录号 | 条形码 | 馆藏地/架位号 | 状态 | 备注 |
| 1 | 6704246 | 267042461 | 密集书库-数信学院/ [索取号:S13:C931/S110] | 在馆 |